• 首页
  • 本馆介绍
  • 公告通知
  • 最新文献
  • 馆藏检索
  • 电子资源
  • 读者导购
  • 参考咨询
  • 我的图书馆
  • 登录
  • 详细信息显示
  • 放入我的书架
  • 预约/预借图书
  • 作者相关作品
  • 分类相关作品
  • 丛书相关作品
  • 出版社相关作品

书目信息

  • 表格格式
  • 工作单格式
  • 卡片格式
题名:
非洲通史简编
    
 
作者: 杨人〓 著
分册:  
出版信息: 北京   人民出版社  1984
页数: 608页
开本: 21cm
丛书名:
单 册:
中图分类: K400
科图分类:
主题词: 历史-非洲
电子资源:
ISBN:
000 00637nam0 2200241 45
001 0184012392
005 20040512095613.9
010    @b精装@dCNY2.70
091    @aCN@b11001.548
100    @a19950323d1984 em y0chiy0121 ea
101 0  @achi
102    @aCN@b110000
105    @ay z 000yy
106    @ar
200 10 @a非洲通史简编@Afei zhou tong shi jian bian@e从远古至一九一八年@f杨人〓著
210    @a北京@c人民出版社@d1984
215    @a608页@d21cm
606    @a历史-非洲
607    @a非洲-历史
690    @aK400@v3
701  0 @a杨人〓@Ayang ren〓@4著
801    @aCN@bTSTC@c20031215
905    @dK400@e2@f1@b108655@f1@b108657
    
    非洲通史简编:从远古至一九一八年/杨人〓著.-北京:人民出版社,1984
    608页;21cm
    
    
    ISBN (精装):CNY2.70
    
●
相关链接 在E读中查询图书 在五车中查询图书 在当当中查询图书 在豆瓣中查询图书


正题名:非洲通史简编     索取号:K400/2         预约/预借

序号 登录号 条形码 馆藏地/架位号 状态 备注
1 0108654   001657610   密集书库/ [索取号:K400/2] 在馆    
2 0108655   000359828   第二样本阅览室/ [索取号:K400/2] 在馆    
3 0108656   001657576   密集书库/ [索取号:K400/2] 在馆    
4 0108657   000359837   第二借阅区/ [索取号:K400/2] 在馆    
5 0108658   001657530   密集书库/ [索取号:K400/2] 在馆    
6 0118918   001657497   密集书库/ [索取号:K400/2] 在馆    
7 0118919   001851758   密集书库/ [索取号:K400/2] 在馆    
8 0118920   001657451   密集书库/ [索取号:K400/2] 在馆    
唐山师范学院图书馆 欢迎您!
大连网信软件有限公司© 版权所有